00322nam a2200121Ia 4500008004100000041000800041082001400049100001300063245004500076260003900121300003100160365000900191240624s9999 xx 000 0 und d aeng a300.1 FOX aFOX JOHN aAPPLIED REGRESSION ANALYSIS AND GENERALI c2008aNew DelhibSage Publications axxi, : 665 : p. : cm. ; 26 cb30